000 00277nam a2200109Ia 4500
008 200302s9999 xx 000 0 und d
100 _aJude Welton
245 _aTate Gellery Drawing A Young artist's Guide
260 _bDorling Kindersley Ltd.
260 _c1994
300 _a45 P.,
999 _c972
_d972